Normal view
MARC view
- COTGRAVE,ALISON RILEY MIKE
Entry Personal Name
001 - CONTROL NUMBER
- control field: 90152
003 - CONTROL NUMBER IDENTIFIER
- control field: NUST
005 - DATE AND TIME OF LATEST TRANSACTION
- control field: 20220302113807.0
008 - FIXED-LENGTH DATA ELEMENTS
- fixed length control field: 220302|| aca||aabn | a|a d
040 ## - CATALOGING SOURCE
- Original cataloging agency: NUST
- Transcribing agency: NUST
100 ## - HEADING--PERSONAL NAME
- Personal name: COTGRAVE,ALISON RILEY MIKE
670 ## - SOURCE DATA FOUND
- Source citation: Work cat.: (NUST): COTGRAVE,ALISON RILEY MIKE., ADVANCED CONCRETE TECHNOLOGY /, 2003.
